[Event "Smartfish Masters"]
[Site "Drammen NOR"]
[Date "2004.12.27"]
[Round "1"]
[White "Lie,K"]
[Black "Johannessen,LE"]
[Result "1/2-1/2"]
[WhiteElo "2474"]
[BlackElo "2519"]
[EventDate "2004.12.27"]

1. e4 c6 2. d4 d5 3. Nc3 dxe4 4. Nxe4 Bf5 5. Ng3 Bg6 6. N1e2 e6 7. h4 h6 8.
Nf4 Bh7 9. Bd3 Bxd3 10. Qxd3 Nf6 11. Bd2 Nbd7 12. O-O-O Qc7 13. Qf3 O-O-O
14. Nd3 Bd6 15. Ne4 Nxe4 16. Qxe4 c5 17. dxc5 Nxc5 18. Nxc5 Bxc5 19. Bf4
Bd6 20. Rxd6 Rxd6 21. Bxd6 Qxd6 22. Rd1 Qc7 23. Rd4 Kb8 24. g3 Rc8 25. c3
a6 26. Kc2 Qc5 27. f4 Rc6 28. Rd8+ Kc7 29. Rd4 Kb8 30. Qd3 e5 31. Rd8+ Ka7
32. fxe5 Qxe5 33. Rd5 Qf6 34. Rf5 Qg6 35. h5 Qe6 36. Rd5 Qf6 37. Qe3+ Kb8
38. Qe8+ Ka7 39. Qe3+ Kb8 40. Qe8+ Ka7 41. Qe3+ 1/2-1/2

[Event "Smartfish Masters"]
[Site "Drammen NOR"]
[Date "2004.12.28"]
[Round "2"]
[White "Shirov,A"]
[Black "Nielsen,PH"]
[Result "1/2-1/2"]
[WhiteElo "2726"]
[BlackElo "2663"]
[EventDate "2004.12.27"]

1. e4 e5 2. Nf3 Nf6 3. Nxe5 d6 4. Nf3 Nxe4 5. Bd3 d5 6. Qe2 Qe7 7. O-O Nd6
8. Re1 Qxe2 9. Rxe2+ Be7 10. Nc3 Be6 11. Nd4 Kd7 12. Nxe6 fxe6 13. Nd1 c5
14. c3 Nc6 15. Bc2 b5 16. d3 a5 17. Bd2 a4 18. a3 Na5 19. Ne3 Nb3 20. Rae1
Bf6 21. Ng4 Nxd2 22. Rxd2 b4 23. cxb4 cxb4 24. axb4 Ra6 25. d4 Rb8 26. Bxh7
Rxb4 27. Nxf6+ gxf6 28. h4 Nc4 29. Rd3 Rxb2 30. Rg3 a3 31. Rg7+ Ke8 32. h5
a2 33. h6 Kf8 34. Bg6 Rb8 35. Ra1 Nd2 36. Kh2 Nb3 37. Rf7+ Kg8 38. Rg7+ Kh8
39. Rh7+ Kg8 40. Rg7+ Kh8 1/2-1/2

[Event "Smartfish Masters"]
[Site "Drammen NOR"]
[Date "2004.12.29"]
[Round "3"]
[White "Nielsen,PH"]
[Black "Macieja,B"]
[Result "1-0"]
[WhiteElo "2663"]
[BlackElo "2613"]
[EventDate "2004.12.27"]

1. d4 Nf6 2. c4 e6 3. Nc3 Bb4 4. Qc2 c5 5. dxc5 O-O 6. a3 Bxc5 7. Nf3 b6 8.
Bf4 Bb7 9. Rd1 Nc6 10. b4 Nh5 11. Bg5 Be7 12. Bxe7 Nxe7 13. e3 Bxf3 14.
gxf3 a5 15. Be2 axb4 16. axb4 Nc6 17. Qb2 Qg5 18. f4 Qg2 19. Kd2 Qxf2 20.
Rdg1 Qh4 21. Ne4 f5 22. Bxh5 e5 23. Ng3 Qe7 24. Bf3 e4 25. Be2 Nxb4 26. Ra1
Rad8 27. Rhb1 Nc6 28. Qb5 Qf6 29. Qd5+ Kh8 30. Ra6 Ne7 31. Qd4 Qh4 32.
Raxb6 Qxh2 33. Nh5 Qg2 34. Rd6 Nc6 35. Qc3 Rf7 36. Rb5 Rg8 37. Rbd5 Ra8 38.
Qb2 Qg1 39. Rxd7 Rxd7 40. Rxd7 Rg8 41. c5 1-0

[Event "Smartfish Masters"]
[Site "Drammen NOR"]
[Date "2004.12.30"]
[Round "4"]
[White "Shirov,A"]
[Black "Korchnoi,V"]
[Result "1-0"]
[WhiteElo "2726"]
[BlackElo "2601"]
[EventDate "2004.12.27"]

1. e4 e6 2. d4 d5 3. e5 c5 4. c3 Qb6 5. Nf3 Bd7 6. Be2 Nc6 7. O-O cxd4 8.
cxd4 Nge7 9. Na3 Nf5 10. Nc2 h5 11. b3 a5 12. Bb2 Be7 13. Ne3 Nxe3 14. fxe3
a4 15. Rb1 axb3 16. axb3 Ra2 17. Kh1 Nb4 18. Bc3 O-O 19. Ng1 h4 20. Nh3 Nc2
21. Bd2 Na3 22. Rc1 Rb2 23. b4 Bxb4 24. Bd3 g6 25. Qg4 1-0

[Event "Smartfish Masters"]
[Site "Drammen NOR"]
[Date "2004.12.30"]
[Round "4"]
[White "Macieja,B"]
[Black "Lie,K"]
[Result "0-1"]
[WhiteElo "2613"]
[BlackElo "2474"]
[EventDate "2004.12.27"]

1. e4 c5 2. Nf3 g6 3. d4 cxd4 4. Nxd4 Bg7 5. Nc3 Nc6 6. Be3 Nf6 7. Bc4 Qa5
8. O-O O-O 9. Nb3 Qc7 10. Bg5 a6 11. Bd3 b5 12. Qd2 Re8 13. Rae1 Rb8 14. e5
Ng4 15. f4 d6 16. h3 Nh6 17. g4 Qa7+ 18. Kh2 b4 19. Nd1 Bb7 20. f5 Nxg4+
21. hxg4 Nxe5 22. Kg3 a5 23. Qh2 a4 24. Nc1 Rbc8 25. Rh1 h5 26. gxh5 Nf3
27. Be3 Qa5 28. Qh3 Nxe1 29. Rxe1 b3 30. Rf1 bxc2 31. Nf2 Be5+ 32. Kh4 Bf6+
33. Kg3 gxf5 34. Qxf5 Qxf5 35. Bxf5 e6 36. Bd3 Bxb2 37. Ne4 Bxe4 38. Bxe4
f5 39. Bd3 Rc3 40. Bd2 Ra3 41. Rf3 Rc8 42. Kh4 Kf7 43. h6 Rg8 44. h7 Rh8
45. Kg3 Rxh7 46. Bxc2 Bxc1 47. Bxc1 Rh3+ 48. Kxh3 Rxf3+ 0-1

[Event "Smartfish Masters"]
[Site "Drammen NOR"]
[Date "2005.01.04"]
[Round "8"]
[White "Lie,K"]
[Black "Korchnoi,V"]
[Result "1-0"]
[WhiteElo "2474"]
[BlackElo "2601"]
[EventDate "2004.12.27"]

1. c4 Nf6 2. g3 e6 3. Bg2 d5 4. Nf3 Be7 5. O-O O-O 6. Qc2 d4 7. d3 Nc6 8.
a3 a5 9. e3 e5 10. exd4 exd4 11. Bg5 Bg4 12. Re1 Qd7 13. Nbd2 Rfe8 14. Re2
Bf8 15. Rxe8 Nxe8 16. Bf4 h6 17. h4 f6 18. Ne4 a4 19. Re1 Na5 20. c5 Kh8
21. Bd2 Bxf3 22. Bxf3 f5 23. Ng5 hxg5 24. Bxa5 Rxa5 25. c6 Qd6 1-0

[Event "Smartfish Masters"]
[Site "Drammen NOR"]
[Date "2005.01.05"]
[Round "9"]
[White "McShane,L"]
[Black "Lie,K"]
[Result "1/2-1/2"]
[WhiteElo "2629"]
[BlackElo "2474"]
[EventDate "2004.12.27"]

1. d4 Nf6 2. Bg5 Ne4 3. Bf4 c5 4. f3 Qa5+ 5. c3 Nf6 6. Nd2 cxd4 7. Nb3 Qb6
8. Qxd4 Nc6 9. Qxb6 axb6 10. Nd4 Nxd4 11. cxd4 d5 12. e3 e6 13. Bd3 Bd7 14.
Ne2 Bc6 15. Nc3 Kd7 16. g4 h6 17. Kf2 Ne8 18. e4 dxe4 19. fxe4 Nf6 20. Kf3
Bd6 21. Be3 Ke7 22. h3 Rhd8 23. Rhd1 b5 24. Nxb5 Nxe4 25. Bxe4 Bxb5 26.
Bxb7 Rab8 27. Be4 f5 28. gxf5 exf5 29. Bxf5 Rf8 30. Ke4 Bc6+ 31. d5 Rb4+
32. Rd4 Bxd5+ 33. Kxd5 Rxf5+ 34. Ke4 Re5+ 35. Kd3 Rxe3+ 36. Kxe3 Bc5 37.
Rad1 Rxb2 38. Kf3 Bxd4 39. Rxd4 Rxa2 40. Rb4 Kf6 41. Rb5 Ra3+ 42. Kg2 Kg6
43. Rb6+ Kh5 44. Rb5+ g5 45. Rb4 Ra2+ 1/2-1/2